00375nam a2200145Ia 4500003000400000008004100004020002700045040000800072100002100080245004100101260002300142300000800165365001200173440004400185LDD181029s9999 xx 000 0 und d a9781412921879c3500.00 cLDD aDruckman, Daniel 0aConflict resolutioncDaniel Druckman aLondonbSagec2006 a5v. b3500.00 aSage library of international relations